000 00923nam a22002657a 4500
999 _c15183
_d15183
003 AR-CdUCM
008 190318b ||||| |||| 00| 0 spa d
040 _aMUNICIPALIDAD PROVINCIAL DEL CUSCO
_cBIBLIOTECA MUNICIPAL DEL CUSCO
041 _hfr.
082 _aES / 920.7 /
_bB85
100 _aBrunetti, Aldo
_934214
245 _aJuana de Arco /
260 _aBarcelona :
_bBruguera,
_c1963.
300 _a255 paginas ;
_c20 cm.
440 _aColeccion historias
_n1
_934215
505 _aContenido :El problema y el método --El medio --Consideraciones generales --La psicología colectiva al iniciarse el siglo XV --La realeza.El sentimiento nacional ...
650 _aBirografias
_918431
650 _aMujeres
_93760
650 _aJuana de Arco
_918432
650 _aFrancia
_91444
650 _aHistoria
_9136
700 _aRafael de Buen (traductor)
_918433
942 _2ddc
_cLIBROS
945 _apjha
_d2019-04-26